| 000 | 00602nam a2200193 a 4500 | ||
|---|---|---|---|
| 005 | 20250919063954.0 | ||
| 008 | 021031s1990 mx r 000 0 spa d | ||
| 020 | _a9686258132 | ||
| 035 | _aUPN01000120680 | ||
| 049 | _aCG | ||
| 050 | 4 |
_aBF173 _bA7.8 |
|
| 100 | 1 |
_aAramoni, Aniceto, _d1916-2012 _940713 |
|
| 245 | 1 | 3 |
_aLa vida un negativo que hay que revelar : _qocho ensayos sobre asuntos psicoanalíticos y existenciales / _cAniceto Aramoni. |
| 260 |
_aMéxico : _bDEMAC, _c1990. |
||
| 300 | _a137 p. | ||
| 650 | 4 |
_aPsicoanálisis _91572 |
|
| 650 | 2 |
_aPsicología existencial _97054 |
|
| 905 | _aLibro | ||
| 999 |
_c93014 _d93014 |
||